banner koha

Identification of resistance sources to witches'broom disease - cacao germplasm evaluation (Registro n. 9348)

MARC details
000 -LÍDER
fixed length control field 04086nab a2200325 i 4500
003 - CÓDIGO MARC DA AGÊNCIA CATALOGADORA
Campo de controle BR-BrBNA
005 - DATA E HORA DA ÚLTIMA ATUALIZAÇÃO
Campo de controle 20231212094320.0
008 - CAMPO DE TAMANHO FIXO
fixed length control field 230613b2022 bl.ar|pooa||| 00| 0 eng |
040 ## - FONTE DA CATALOGAÇÃO
Agência catalogadora BR-BrBNA
Idioma da catalogação eng
072 ## - CATEGORIA AGRIS
Código AGRIS F30
Código do objeto 2110
072 ## - CATEGORIA AGRIS
Código AGRIS H20
100 ## - ENTRADA PRINCIPAL - NOME PESSOAL
Nome pessoal Pires, José Luis
100 ## - ENTRADA PRINCIPAL - NOME PESSOAL
Nome pessoal Luz, Edna Dora M. Newman
100 ## - ENTRADA PRINCIPAL - NOME PESSOAL
Nome pessoal Monteiro, Wilson Reis
100 ## - ENTRADA PRINCIPAL - NOME PESSOAL
Nome pessoal Melo, Gilson Roberto Pires
100 ## - ENTRADA PRINCIPAL - NOME PESSOAL
Nome pessoal Cruz, Cosme Damião
245 ## - TÍTULO PRINCIPAL
Título principal Identification of resistance sources to witches'broom disease - cacao germplasm evaluation
500 ## - NOTA GERAL
Nota geral Publicação on-line; 16 ref.; 6 tables; Summaries (En, Pt)
942 ## - ADDED ENTRY ELEMENTS (KOHA)
Koha item type
520 ## - NOTA DE RESUMO
Nota de conteúdo <br/>This work is part of the first studies that came to guide the recurrent selection processes for the association of<br/>resistance genes conducted by the Cacao Research Center, at Ilhéus, Bahia. Aiming to identify sources of witches’<br/>broom disease resistance, a set of 573 accessions from the Cacao Germplasm Collection of this Center were evaluated<br/>for the variables number of vegetative brooms (VB), floral cushion brooms (CB), and total brooms (TB). In addition,<br/>the relationship between the per se performance of the accession and their general combining ability was analyzed<br/>using data of eight progenies trials, evaluated during several years. The lowest values for VB, CB and TB were<br/>observed in Scavina clones and descendants, Amazonian groups, and groups including materials selected for<br/>resistance. This study indicated ample possibilities of genetic gain and the occurrence of different resistance genes<br/>in the species. Also, indicated evolution of the pathogen, increasing its virulence over resistant materials, and the<br/>possibility of predicting the performance of progenies from their parent performances when the differences among<br/>them are large.<br/><br/>Key words: Moniliophthora perniciosa, plant breeding, Theobroma cacao.<br/><br/><br/>
520 ## - NOTA DE RESUMO
Nota de conteúdo <br/><br/>Identificação de fontes de resistência à doença de vassoura de bruxa - avaliação de germplasma de cacao. <br/><br/>Este trabalho é parte dos primeiros estudos que viriam orientar os processos de seleção recorrente para associação <br/>de genes de resistência realizados pelo Centro de Pesquisa do Cacau, em Ilhéus, Bahia. Buscando identificar fontes <br/>de resistência à doença da vassoura de bruxa do cacaueiro, avaliou-se um conjunto de 573 acessos da Coleção de <br/>Germoplasma de Cacau deste Centro, para as variáveis número de vassouras vegetativas (VV), de vassouras de <br/>almofadadas florais (VA) e total vassouras (VT). E a relação entre o desempenho per se dos acessos e sua capacidade <br/>geral de combinação foi analisada usando dados de oito ensaios de progênies, avaliados durante vários anos. Os menores <br/>valores para VV, VA e VT foram observados em clones Scavina e seus descendentes, grupos de clones amazônicos e grupos <br/>que incluem materiais selecionados para resistência. Este estudo indicou amplas possibilidades de ganho genético e reforçou <br/>a constatação de ocorrência de diferentes genes de resistência na espécie. Além disso, indicou evolução do patógeno, aumentando <br/>sua virulência sobre materiais resistentes, e a possibilidade de prever o desempenho de progênies a partir do desempenho dos<br/>progenitores quando a diferença entre eles é grande.<br/><br/>Palavras-chave: Moniliophthora perniciosa, melhoramento de plantas, Theobroma cacao.
650 ## - ASSUNTO - THESAGRO
Cabeçalho tópico ou nome geográfico THEOBROMA CACAO
650 ## - ASSUNTO - THESAGRO
Cabeçalho tópico ou nome geográfico MELHORAMENTO VEGETAL
650 ## - ASSUNTO - THESAGRO
Cabeçalho tópico ou nome geográfico FUNGO
650 ## - ASSUNTO - THESAGRO
Cabeçalho tópico ou nome geográfico DOENÇA DE PLANTA
773 0# - ENTRADA ANALÍTICA
Host Biblionumber 1823
Registro do item 25162
Imprenta Itabuna-BA Comissão Executiva do Plano de Lavoura Cacaueira 1989
Outro identificador 2023-435741
Título Agrotrópica (Brazil)
ISSN 0103-3816
Colação V. 34(3) p. 169-180; (Sep-Dec 2022)
Número de controle de registro BR2023000646
856 ## - ACESSO E ENDEREÇO ELETRÔNICO
Identificador uniforme de recurso - URI https://www.gov.br/agricultura/pt-br/assuntos/ceplac/publicacoes/revista-agrotropica/artigos/2022/0103-3816-2022v34n3p169-180.pdf
856 ## - ACESSO E ENDEREÇO ELETRÔNICO
Identificador uniforme de recurso - URI https://www.gov.br/agricultura/pt-br/assuntos/ceplac/publicacoes/revista-agrotropica/revista-volumes/2022/REVISTAAGROTRPICA34.3setadezde2022.pdf

Nenhum exemplar disponível.

BINAGRI

Telefone: (61)3218-2567/2388/3357/2097 - binagri@agro.gov.br

Ministério da Agricultura e Pecuária , Esplanada dos Ministérios, Bloco D, Anexo B, Brasília/DF, CEP: 70.043-900